000
00222 a2200097 4500
001
43358
100
_a
Congreue
245
_a
Comedies by William can grew
260
_a
London
_b
Oxford Univ press
_c
090
_c
27195
_d
27195
942
_a
NUST-CAE
_c
M
_c
19108
999
_c
278431
_d
278431